The small catechism, in contemporary English. (Record no. 13975)

000 -LEADER
fixed length control field 00802nam a2200205 a 4500
001 - CONTROL NUMBER
control field :::00011799$&:&@@
003 - CONTROL NUMBER IDENTIFIER
control field OkBaRHE
005 - DATE AND TIME OF LATEST TRANSACTION
control field 20000607103412.0
008 - FIXED-LENGTH DATA ELEMENTS--GENERAL INFORMATION
fixed length control field s1943 j 000 0 eng u
040 ## - CATALOGING SOURCE
Transcribing agency
100 1# - MAIN ENTRY--PERSONAL NAME
Personal name Luther, Martin, 1483-1546.
245 14 - TITLE STATEMENT
Title The small catechism, in contemporary English.
Statement of responsibility, etc Illustrated by Gerd Wilk.
260 ## - PUBLICATION, DISTRIBUTION, ETC. (IMPRINT)
Place of publication, distribution, etc St.Louis, MO., :
Name of publisher, distributor, etc Concordia Publishing House
Date of publication, distribution, etc c1943
300 ## - PHYSICAL DESCRIPTION
Extent 221 p. : col. illus. ;
Dimensions 19 cm.
650 ## - SUBJECT ADDED ENTRY--TOPICAL TERM
Topical term or geographic name as entry element Lutheran Church
General subdivision Catechisms and Creeds
-- English
730 ## - ADDED ENTRY--UNIFORM TITLE
Uniform title Kleine Katechismus. English
942 ## - ADDED ENTRY ELEMENTS (KOHA)
Source of classification or shelving scheme
Koha item type Books
Copies
Withdrawn status Permanent Location Koha item type Not for loan Damaged status Date last seen Barcode Date acquired Price effective from Full call number Source of classification or shelving scheme Copy number Shelving location Lost status
 RHEMA Bible Training CollegeBooks  2010-04-14209172010-04-142010-04-14BX 8070 .L72 A3 1General Stacks 
 RHEMA Bible Training CollegeBooks  2010-04-14117992010-04-142010-04-14BX 8070 .L72A3 2General Stacks